Normal view
MARC view
Entry Geographic Name
001 - CONTROL NUMBER
- control field: 32570
003 - CONTROL NUMBER IDENTIFIER
- control field: ARRUPE
005 - DATE AND TIME OF LATEST TRANSACTION
- control field: 20170614105237.0
008 - FIXED-LENGTH DATA ELEMENTS
- fixed length control field: 170614|| aca||aabn | a|a d
040 ## - CATALOGING SOURCE
- Original cataloging agency: ARRUPE
- Transcribing agency: ARRUPE
151 ## - HEADING--GEOGRAPHIC NAME
- Geographic name: Sierra Leone
- General subdivision: History
- Chronological subdivision: Civil War, 1991-2002.
670 ## - SOURCE DATA FOUND
- Source citation: Work cat.: (ARRUPE)60107: Between democracy and terror :, c2004.